000 00504nam a2200217Ia 4500
008 210210b2008 xxu||||| |||| 00| 0 eng d
020 _a8186651322
041 _aeng
082 _a591.02 KAND
100 _aKANG (Jasneet)
245 _aDGP question bank: zoology
260 _aND
_bDhillon Group of Publication
_c2008
300 _a639
650 _azoology
650 _aquestion
650 _aDGP
650 _abank:
690 _aZoology
700 _aMISHRA (Sukant)
906 _aSG05013
999 _c131111
_d131111